000 00746nam a22002297a 4500
005 20260523154321.0
008 260523b |||||||| |||| 00| 0 eng d
020 _a9789360286279
_c895.00
040 _aMAIN
041 _aEnglish
082 _a581.95496
_bSHI
100 _aRawat, Anita (ed)
_926881
245 _aShifting Ecosystem
_b: Plant Diversity And Habitat Changes in the Himalayas
260 _aDehradun
_bBishan Singh Mahindra Pal Singh
_c2025
300 _a179
650 _aUttarakhand Collection : Himalaya Collection
_913
700 _aDhingra, Gulshan Kumar (ed)
_926902
700 _aNautiyal, Om Prakash (ed)
_926882
700 _aKuriyal, Suniti (ed)
_926903
700 _aRawat, Dinesh Singh (ed)
_926904
942 _cBK
999 _c60876
_d60876